[Event "We LahS A 2021"]
[Site "?"]
[Date "2021.08.14"]
[Round "1"]
[White "Paakkonen, Timo"]
[Black "Rasanen, Otto"]
[Result "1/2-1/2"]
[WhiteElo "2243"]
[BlackElo "1948"]
[PlyCount "106"]
[EventDate "2021.??.??"]
[SourceDate "2021.11.06"]
[SourceVersionDate "2021.11.06"]

1. e4 c5 2. Nc3 d6 3. Nge2 Nf6 4. d4 cxd4 5. Nxd4 a6 6. Rg1 h5 7. h3 e5 8. Nf3
b5 9. Bg5 Be6 10. a4 b4 11. Nd5 Nbd7 12. a5 Qb8 13. Bxf6 Nxf6 14. Nb6 Nxe4 15.
Bd3 Nc5 16. Ng5 Nxd3+ 17. Qxd3 Ra7 18. Nxe6 fxe6 19. Qg6+ Ke7 20. f4 exf4 21.
Qg5+ Kf7 22. Qxf4+ Kg8 23. Rf1 Rh6 24. O-O-O Rb7 25. Qxb4 d5 26. Qd4 Bd6 27.
Rd3 Be5 28. Qa4 Rf6 29. Rxf6 Bxf6 30. Rb3 Qe5 31. Kb1 Qe2 32. g4 Rf7 33. gxh5
Be7 34. Ka2 Rf1 35. Qe8+ Bf8 36. Nxd5 Qe1 37. Ne7+ Kh7 38. Rb8 Qa1+ 39. Kb3
Rf3+ 40. c3 Qd1+ 41. Ka2 Rf4 42. Rb4 Rf1 43. Qg6+ Kh8 44. Qxe6 Bxe7 45. Qxe7
Qd5+ 46. Rb3 Qxa5+ 47. Qa3 Qf5 48. Rb8+ Kh7 49. Qb4 Qb1+ 50. Kb3 Qd1+ 51. Ka2
Qa1+ 52. Kb3 Qd1+ 53. Ka2 Qa1+ 1/2-1/2

[Event "We LahS A 2021"]
[Site "?"]
[Date "2021.08.14"]
[Round "1"]
[White "Kauko, Pekka"]
[Black "Tuononen, Janne"]
[Result "0-1"]
[WhiteElo "1939"]
[BlackElo "2209"]
[PlyCount "112"]
[EventDate "2021.??.??"]
[SourceDate "2021.11.06"]
[SourceVersionDate "2021.11.06"]

1. d4 d5 2. Nf3 e6 3. g3 Nf6 4. Bg2 Be7 5. O-O O-O 6. b3 a5 7. a3 Nbd7 8. Bb2
Ne4 9. Ne5 f6 10. Nd3 f5 11. f3 Nd6 12. Nd2 b6 13. c4 Nf6 14. c5 Nf7 15. b4 Ba6
16. Qc2 Bxd3 17. Qxd3 Qd7 18. Rfc1 bxc5 19. bxc5 Rfb8 20. Qc2 Qb5 21. Bc3 Qxe2
22. Re1 Qa6 23. Bf1 Qc6 24. Kg2 a4 25. Rab1 g5 26. Bd3 Bf8 27. h3 h5 28. Rh1
Bg7 29. g4 fxg4 30. hxg4 h4 31. Rhe1 Qd7 32. Nf1 Nh6 33. Qe2 Re8 34. Qd2 Nf7
35. Bg6 Bh6 36. Qd3 Kg7 37. Bd2 Re7 38. Bxf7 Rxf7 39. Re5 Nh7 40. Qc2 Kh8 41.
Nh2 Bg7 42. c6 Qe8 43. Re2 Bxd4 44. Bc3 Bxc3 45. Qxc3+ Kg8 46. Rb4 Qe7 47. Rb1
Qd6 48. Nf1 Raf8 49. Rf2 Rf4 50. Rb4 Nf6 51. Qc2 Kg7 52. Re2 d4 53. Qc4 d3 54.
Rxe6 Rxc4 55. Rxd6 Rc2+ 56. Kg1 cxd6 0-1

[Event "We LahS A 2021"]
[Site "?"]
[Date "2021.08.14"]
[Round "1"]
[White "Hartio, Ilkka"]
[Black "Rinne, Heini"]
[Result "1-0"]
[WhiteElo "2032"]
[BlackElo "1913"]
[PlyCount "71"]
[EventDate "2021.??.??"]
[SourceDate "2021.11.06"]
[SourceVersionDate "2021.11.06"]

1. Nf3 Nf6 2. d4 c6 3. c4 d5 4. Qc2 dxc4 5. Qxc4 e6 6. Nc3 Be7 7. g3 O-O 8. Bg2
Na6 9. O-O Nd5 10. e4 Nxc3 11. bxc3 c5 12. Be3 cxd4 13. cxd4 b6 14. Ne5 Bb7 15.
Nc6 Bxc6 16. Qxc6 Nb4 17. Qa4 Rc8 18. Rac1 a5 19. a3 Na6 20. Rxc8 Qxc8 21. Rc1
Qd8 22. Bf1 Nb8 23. Qb3 Qd6 24. a4 h5 25. h4 e5 26. d5 Qg6 27. Bg2 Nd7 28. Rc6
Qg4 29. Kh2 Qe2 30. Rc7 Nc5 31. Qxb6 Nxa4 32. Qb3 Bd8 33. Rc2 Qg4 34. Qxa4 f5
35. Bh3 Qf3 36. Bxf5 1-0

[Event "We LahS A 2021"]
[Site "?"]
[Date "2021.08.14"]
[Round "1"]
[White "Korjus, Onni"]
[Black "Tuominen, Joona"]
[Result "1/2-1/2"]
[WhiteElo "1911"]
[BlackElo "2032"]
[PlyCount "185"]
[EventDate "2021.??.??"]
[SourceDate "2021.11.06"]
[SourceVersionDate "2021.11.06"]

1. e4 c5 2. Nf3 Nc6 3. Bb5 g6 4. Bxc6 bxc6 5. O-O d5 6. e5 Bg7 7. Re1 Bg4 8. d3
e6 9. Bf4 Rb8 10. b3 Ne7 11. h3 Bxf3 12. Qxf3 h6 13. Nc3 g5 14. Bh2 Ng6 15. Na4
Qe7 16. Qe3 d4 17. Qe4 Rc8 18. Nb2 O-O 19. Nc4 Rfd8 20. Re2 Rd5 21. Rf1 Rf8 22.
f4 gxf4 23. Bxf4 Nh4 24. g3 Nf5 25. g4 Nh4 26. Bg3 Ng6 27. Qf3 f5 28. exf6 Rxf6
29. Qe4 Rxf1+ 30. Kxf1 Nf8 31. Kg2 Bf6 32. Ne5 Kg7 33. Nxc6 Qb7 34. Ne5 Qa6 35.
a4 Qc8 36. Nc4 Qd8 37. Be5 Bxe5 38. Nxe5 Qg5 39. Nf3 Qd8 40. Qf4 Ng6 41. Qg3
Qd6 42. Qxd6 Rxd6 43. Kg3 Ne7 44. Nd2 Nd5 45. Nc4 Rc6 46. Re5 Nb4 47. Re2 Nd5
48. Rf2 Nb4 49. h4 Rc7 50. g5 hxg5 51. hxg5 Nd5 52. Kg4 Ne7 53. Re2 Rc6 54. Na5
Rb6 55. Nc4 Rc6 56. Rf2 Nd5 57. Rh2 Nb4 58. Ne5 Rd6 59. Kf4 Nd5+ 60. Ke4 Nc3+
61. Kf3 Nd5 62. Kg3 Ne3 63. Rf2 Nf5+ 64. Kf4 Rd8 65. Ke4 Ne3 66. Kf3 Nd5 67.
Kg4 Ne3+ 68. Kf3 Rf8+ 69. Ke2 Rxf2+ 70. Kxf2 Nxc2 71. Nd7 Kg6 72. Nxc5 Kxg5 73.
Nxe6+ Kf5 74. Nc7 Ke5 75. Ke2 Nb4 76. Kd2 a6 77. Na8 Nd5 78. a5 Kd6 79. Nb6 Nb4
80. Nc4+ Kc5 81. Nb2 Nc6 82. Nc4 Kb4 83. Kc2 Nxa5 84. Nd2 Nb7 85. Nc4 Nc5 86.
Nd2 a5 87. Nc4 Nxb3 88. Kb2 a4 89. Na3 Nd2 90. Nc2+ Kc5 91. Ka3 Nf3 92. Kxa4
Ne5 93. Nxd4 1/2-1/2

[Event "We LahS A 2021"]
[Site "?"]
[Date "2021.08.15"]
[Round "1"]
[White "Lallukka, Taneli"]
[Black "Martinec, Tamas"]
[Result "1/2-1/2"]
[WhiteElo "1985"]
[BlackElo "1900"]
[PlyCount "35"]
[EventDate "2021.??.??"]
[SourceDate "2021.11.06"]
[SourceVersionDate "2021.11.06"]

1. e4 c5 2. d4 cxd4 3. c3 d3 4. Bxd3 g6 5. Nf3 Bg7 6. O-O d6 7. Re1 Bg4 8. Nbd2
Nc6 9. h3 Bd7 10. Nc4 b5 11. Ne3 b4 12. Nd5 bxc3 13. Nxc3 Nf6 14. Be3 O-O 15.
Qd2 Re8 16. Rac1 Qa5 17. Nb5 Qxd2 18. Bxd2 1/2-1/2

[Event "We LahS A 2021"]
[Site "?"]
[Date "2021.08.14"]
[Round "2"]
[White "Tuononen, Janne"]
[Black "Luukkonen, Tommi"]
[Result "1-0"]
[WhiteElo "2209"]
[BlackElo "2327"]
[PlyCount "87"]
[EventDate "2021.??.??"]
[SourceDate "2021.11.06"]
[SourceVersionDate "2021.11.06"]

1. e4 c5 2. Be2 Nc6 3. f4 g6 4. Nf3 Bg7 5. O-O d6 6. d3 e6 7. Qe1 Nge7 8. Qh4
h6 9. Nc3 b6 10. Kh1 Bb7 11. Qg3 Qd7 12. f5 exf5 13. Bf4 g5 14. Nb5 gxf4 15.
Qxg7 O-O-O 16. Qxf7 Rdf8 17. Qh5 Kb8 18. Qh3 Qd8 19. Nh4 fxe4 20. dxe4 a6 21.
Nc3 Ne5 22. Nf5 Nxf5 23. exf5 Rhg8 24. Rf2 Rxg2 25. Rxg2 f3 26. Rg7 fxe2+ 27.
Rxb7+ Kxb7 28. Nxe2 Ka7 29. Ng3 h5 30. Rd1 h4 31. Ne4 Qa8 32. Qxh4 Qb7 33. Rf1
Re8 34. Rf4 Qd5 35. Kg2 Rg8+ 36. Kh3 Qb7 37. Ng5 Qg7 38. Qh7 Rh8 39. Rh4 Rxh7
40. Rxh7 Qxh7+ 41. Nxh7 d5 42. Kg3 d4 43. Kf4 Nf7 44. h4 1-0

[Event "We LahS A 2021"]
[Site "?"]
[Date "2021.08.14"]
[Round "2"]
[White "Jarvenpaa, Jari"]
[Black "Hartio, Ilkka"]
[Result "1-0"]
[WhiteElo "2285"]
[BlackElo "2032"]
[PlyCount "79"]
[EventDate "2021.??.??"]
[SourceDate "2021.11.06"]
[SourceVersionDate "2021.11.06"]

1. e4 c5 2. f4 d6 3. Be2 Nf6 4. d3 Nc6 5. Nf3 g6 6. O-O Bg7 7. Qe1 Bg4 8. Nbd2
e6 9. h3 Bxf3 10. Nxf3 Nd4 11. Nxd4 cxd4 12. Qb4 Qb6 13. Qxb6 axb6 14. Bd2 Nd7
15. g4 e5 16. f5 f6 17. c3 Ke7 18. h4 Rhc8 19. g5 Rg8 20. Kh2 Raf8 21. Rac1 Ra8
22. fxg6 hxg6 23. cxd4 Rxa2 24. dxe5 fxe5 25. Bc3 Rf8 26. h5 gxh5 27. Bxh5 b5
28. Rxf8 Bxf8 29. Rc2 Nc5 30. Rf2 b4 31. Rf7+ Ke8 32. Rxb7+ Kd8 33. Rxb4 Kc7
34. Rc4 Kd8 35. Be2 Na4 36. Ba5+ Ke8 37. Bh5+ Kd7 38. Rc7+ Kd8 39. Rf7+ Ke8 40.
Ra7# 1-0

[Event "We LahS A 2021"]
[Site "?"]
[Date "2021.08.14"]
[Round "2"]
[White "Martinec, Tamas"]
[Black "Paakkonen, Timo"]
[Result "1/2-1/2"]
[WhiteElo "1900"]
[BlackElo "2243"]
[PlyCount "52"]
[EventDate "2021.??.??"]
[SourceDate "2021.11.06"]
[SourceVersionDate "2021.11.06"]

1. e4 c5 2. Nf3 Nc6 3. d4 cxd4 4. Nxd4 Nf6 5. Nc3 d6 6. Bg5 e6 7. Qd2 a6 8.
O-O-O Bd7 9. f4 b5 10. Bxf6 gxf6 11. Kb1 Qb6 12. f5 Qxd4 13. Qxd4 Nxd4 14. Rxd4
Bc6 15. Be2 h5 16. Rf1 Be7 17. Bf3 Rb8 18. h4 Kd7 19. Ne2 Rbg8 20. fxe6+ fxe6
21. Rd2 Rh6 22. Nf4 Rg3 23. Ne2 Rg8 24. Nf4 Rg3 25. Ne2 Rg8 26. Nf4 Rg3 1/2-1/2

[Event "We LahS A 2021"]
[Site "?"]
[Date "2021.08.14"]
[Round "2"]
[White "Tuominen, Joona"]
[Black "Lallukka, Taneli"]
[Result "1/2-1/2"]
[WhiteElo "2032"]
[BlackElo "1985"]
[PlyCount "131"]
[EventDate "2021.??.??"]
[SourceDate "2021.11.06"]
[SourceVersionDate "2021.11.06"]

1. Nf3 d5 2. c4 c6 3. g3 Nf6 4. Bg2 dxc4 5. a4 Bf5 6. Na3 Qd5 7. Nh4 Be4 8. f3
Bg6 9. e4 Qd4 10. Qe2 e5 11. Nxc4 Na6 12. d3 Bb4+ 13. Kf1 Nc5 14. Be3 Qxd3 15.
Qxd3 Nxd3 16. Ke2 Nc5 17. Nd6+ Ke7 18. Bxc5 Bxc5 19. Nxb7 Bd4 20. Na5 Rhc8 21.
Rab1 Rab8 22. Rhc1 c5 23. b3 Nd7 24. Bh3 f6 25. Ng2 Bf7 26. Ne3 Be6 27. Bxe6
Kxe6 28. Nec4 g6 29. Ne3 Nb6 30. Nac4 f5 31. Nxb6 axb6 32. Nd5 h5 33. Kd3 b5
34. axb5 Rxb5 35. b4 g5 36. bxc5 Rxb1 37. Rxb1 Bxc5 38. Rc1 Kd6 39. Ra1 Rf8 40.
Ra6+ Kd7 41. Nf6+ Ke7 42. Nxh5 Bg1 43. h3 Rd8+ 44. Ke2 fxe4 45. fxe4 Rh8 46. g4
Rf8 47. Ng7 Rf2+ 48. Ke1 Rh2 49. Nf5+ Kf7 50. Rh6 Bf2+ 51. Kf1 Bd4 52. Rh7+ Kf6
53. Rh6+ Kf7 54. h4 gxh4 55. g5 Rf2+ 56. Ke1 Rg2 57. Rxh4 Rxg5 58. Rh7+ Kg6 59.
Rh6+ Kf7 60. Nxd4 exd4 61. Ke2 Rg3 62. Rd6 Re3+ 63. Kd2 Rxe4 64. Kd3 Rh4 65.
Rxd4 Rxd4+ 66. Kxd4 1/2-1/2

[Event "We LahS A 2021"]
[Site "?"]
[Date "2021.08.14"]
[Round "2"]
[White "Rasanen, Otto"]
[Black "Korjus, Onni"]
[Result "1-0"]
[WhiteElo "1948"]
[BlackElo "1911"]
[PlyCount "125"]
[EventDate "2021.??.??"]
[SourceDate "2021.11.06"]
[SourceVersionDate "2021.11.06"]

1. d4 Nf6 2. c4 e6 3. g3 d5 4. Nf3 Be7 5. Bg2 O-O 6. O-O dxc4 7. Qc2 a6 8. a4
Bd7 9. Qxc4 Bc6 10. Bf4 a5 11. Nc3 Na6 12. Rac1 Nb4 13. Ne5 Bxg2 14. Kxg2 Nbd5
15. Nxd5 Qxd5+ 16. Qxd5 Nxd5 17. Bd2 c6 18. Rfd1 Bb4 19. e4 Bxd2 20. Rxd2 Nf6
21. f3 Rfd8 22. Kf2 Kf8 23. Ke3 Ke7 24. Rd3 Nd7 25. Nc4 Nf6 26. Rb3 Ra7 27. Ne5
Nd7 28. Nd3 Nf6 29. g4 Rd7 30. g5 Ne8 31. Ne5 Rc7 32. Rc5 Nd6 33. Rbc3 f6 34.
gxf6+ gxf6 35. Ng4 Kf7 36. Rh5 Kg7 37. Rc2 Rf7 38. Nh6 Rf8 39. Rg2+ Kh8 40. Rh4
Nf7 41. Ng4 Nd6 42. Kd3 Raa8 43. e5 fxe5 44. Nxe5 Rf6 45. Rhg4 Nf5 46. Nc4 h6
47. Rg6 Rxg6 48. Rxg6 Rd8 49. Rxe6 Nxd4 50. Rxh6+ Kg7 51. Rd6 Rxd6 52. Nxd6
Nxf3 53. Nxb7 Nxh2 54. Nxa5 Kf6 55. Nxc6 Ke6 56. a5 Kd6 57. Ne5 Nf1 58. b4 Ng3
59. a6 Kc7 60. Nd7 Nf5 61. b5 Nd6 62. b6+ Kc8 63. Kd4 1-0

[Event "We LahS A 2021"]
[Site "?"]
[Date "2021.08.14"]
[Round "2"]
[White "Komulainen, Lauri"]
[Black "Kauko, Pekka"]
[Result "1-0"]
[WhiteElo "1977"]
[BlackElo "1939"]
[PlyCount "105"]
[EventDate "2021.??.??"]
[SourceDate "2021.11.06"]
[SourceVersionDate "2021.11.06"]

1. d4 d5 2. c4 e6 3. Nc3 Nf6 4. cxd5 exd5 5. Bg5 Be7 6. e3 O-O 7. Bd3 Re8 8.
Qc2 g6 9. Nf3 c6 10. O-O-O Nbd7 11. h4 a5 12. h5 Nxh5 13. Rxh5 gxh5 14. Bxh7+
Kg7 15. Bf4 Rh8 16. Bd3 Bf6 17. Rg1 Nf8 18. Ne5 Bxe5 19. Bxe5+ f6 20. Bh2 Qe8
21. e4 Ne6 22. e5 f5 23. Ne2 c5 24. Bxf5 Nxd4 25. Nxd4 cxd4 26. e6 Bxe6 27.
Qc7+ Kg8 28. Re1 Rh6 29. Rxe6 Rxe6 30. Qh7+ Kf8 31. Bxe6 Qxe6 32. Qh8+ Ke7 33.
Qxa8 Qe1+ 34. Kc2 Qxf2+ 35. Kb3 a4+ 36. Ka3 Qe3+ 37. Kxa4 b5+ 38. Ka5 Qd2+ 39.
Kb6 Qxg2 40. Qb7+ Ke8 41. Qc8+ Ke7 42. Qc7+ Kf6 43. Be5+ Kf5 44. Bxd4 Qe4 45.
Qh7+ Kg4 46. Qxe4+ dxe4 47. Kxb5 Kf3 48. a4 h4 49. a5 h3 50. Be5 e3 51. a6 e2
52. Bc3 Kf2 53. a7 1-0

[Event "We LahS A 2021"]
[Site "?"]
[Date "2021.08.14"]
[Round "2"]
[White "Rinne, Heini"]
[Black "Kivilahti, Rami"]
[Result "0-1"]
[WhiteElo "1913"]
[BlackElo "1973"]
[PlyCount "100"]
[EventDate "2021.??.??"]
[SourceDate "2021.11.06"]
[SourceVersionDate "2021.11.06"]

1. d4 d5 2. c4 c6 3. cxd5 cxd5 4. Nf3 Nf6 5. Nc3 Nc6 6. Bf4 a6 7. Rc1 e6 8. e3
Be7 9. Be2 O-O 10. O-O Nh5 11. Be5 f6 12. Bg3 Nxg3 13. hxg3 Bd7 14. Nd2 Na5 15.
Bd3 f5 16. g4 g6 17. Nf3 b5 18. Ne5 Nc4 19. Bxc4 bxc4 20. b3 cxb3 21. axb3 Bd6
22. f4 Bxe5 23. fxe5 Qg5 24. Rf4 Rab8 25. Rb1 Kh8 26. gxf5 gxf5 27. Qf3 Rg8 28.
Qh3 Rg7 29. Rb2 Rbg8 30. Rh4 Qe7 31. Rf4 Rg3 32. Qh4 Qxh4 33. Rxh4 Rxe3 34. Na4
Re1+ 35. Kf2 Rc1 36. Nc5 Bb5 37. g3 Rg6 38. Rd2 Rc3 39. g4 fxg4 40. Kg2 g3 41.
Rf4 Kg7 42. Nb7 Rc1 43. Nd6 h5 44. Rf7+ Kh6 45. Rf3 h4 46. Nxb5 axb5 47. Ra2
Kg5 48. Rf1 Rxf1 49. Kxf1 h3 50. Ra5 Kf4 0-1

[Event "We LahS A 2021"]
[Site "?"]
[Date "2021.08.15"]
[Round "3"]
[White "Tuononen, Janne"]
[Black "Jarvenpaa, Jari"]
[Result "0-1"]
[WhiteElo "2209"]
[BlackElo "2285"]
[PlyCount "64"]
[EventDate "2021.??.??"]
[SourceDate "2021.11.06"]
[SourceVersionDate "2021.11.06"]

1. e4 c6 2. Nc3 d5 3. Nf3 Bg4 4. h3 Bxf3 5. Qxf3 e6 6. d3 Nd7 7. Bd2 g6 8. g4
Bg7 9. h4 Qb6 10. O-O-O h5 11. gxh5 Rxh5 12. Qg2 Bf6 13. Qg3 d4 14. Nb1 Qd8 15.
Be2 Rxh4 16. f4 Rxh1 17. Rxh1 Ne7 18. Bg4 Nf8 19. Na3 b5 20. f5 e5 21. Bh6 Qd6
22. Bxf8 Kxf8 23. fxg6 Nxg6 24. Bf5 Nf4 25. Qg4 Ke7 26. Rh7 Rh8 27. Nb1 Qd8 28.
Bg6 Nxg6 29. Qxg6 Rxh7 30. Qxh7 Qa5 31. c3 Bg5+ 32. Kc2 Qa4+ 0-1

[Event "We LahS A 2021"]
[Site "?"]
[Date "2021.08.15"]
[Round "3"]
[White "Luukkonen, Tommi"]
[Black "Rasanen, Otto"]
[Result "1-0"]
[WhiteElo "2327"]
[BlackElo "1948"]
[PlyCount "45"]
[EventDate "2021.??.??"]
[SourceDate "2021.11.06"]
[SourceVersionDate "2021.11.06"]

1. e4 c5 2. Nc3 d6 3. d4 cxd4 4. Qxd4 Nc6 5. Qd2 g6 6. b3 Bh6 7. f4 Nf6 8. Bb2
O-O 9. O-O-O e5 10. Nge2 Re8 11. Kb1 Bg4 12. h3 Bxe2 13. Bxe2 Nd4 14. Bc4 Bxf4
15. Qf2 Rc8 16. g3 Bh6 17. Rhf1 Bg7 18. g4 Ne6 19. Nb5 Rxc4 20. bxc4 Nxe4 21.
Qxf7+ Kh8 22. Nxd6 Re7 23. Qxe6 1-0

[Event "We LahS A 2021"]
[Site "?"]
[Date "2021.08.15"]
[Round "3"]
[White "Paakkonen, Timo"]
[Black "Komulainen, Lauri"]
[Result "1/2-1/2"]
[WhiteElo "2243"]
[BlackElo "1977"]
[PlyCount "43"]
[EventDate "2021.??.??"]
[SourceDate "2021.11.06"]
[SourceVersionDate "2021.11.06"]

1. g3 d5 2. Bg2 g6 3. c4 dxc4 4. Na3 Bg7 5. Nxc4 e5 6. b3 Ne7 7. Bb2 Nbc6 8.
Nf3 f6 9. O-O O-O 10. d4 e4 11. Ne1 f5 12. Nc2 Be6 13. Qd2 Qe8 14. Rad1 Qf7 15.
Na5 Nxa5 16. Qxa5 c5 17. Ba3 b6 18. Qa6 Bc8 19. Qc4 Be6 20. Qa6 Bc8 21. Qc4 Be6
22. Qa6 1/2-1/2

[Event "We LahS A 2021"]
[Site "?"]
[Date "2021.08.15"]
[Round "3"]
[White "Hartio, Ilkka"]
[Black "Martinec, Tamas"]
[Result "1-0"]
[WhiteElo "2032"]
[BlackElo "1900"]
[PlyCount "89"]
[EventDate "2021.??.??"]
[SourceDate "2021.11.06"]
[SourceVersionDate "2021.11.06"]

1. Nf3 Nf6 2. d4 c5 3. c4 cxd4 4. Nxd4 e5 5. Nc2 Bc5 6. Be3 Qb6 7. Bxc5 Qxc5 8.
e3 Nc6 9. Nc3 O-O 10. Be2 d6 11. O-O Be6 12. Na3 Rad8 13. Rc1 e4 14. Ncb5 Qg5
15. f4 exf3 16. Rxf3 d5 17. c5 d4 18. exd4 a6 19. Rg3 Qf4 20. Nd6 Nxd4 21. Bf1
Bg4 22. Qe1 Rfe8 23. Nxe8 Rxe8 24. Qc3 Ne4 25. Qe3 Qxe3+ 26. Rxe3 f5 27. Rce1
Bh5 28. Bd3 Kf8 29. b4 a5 30. Bxe4 fxe4 31. bxa5 Re5 32. h3 Bg6 33. Rc3 Nc6 34.
Nc2 Nxa5 35. Ne3 Nc6 36. Rb1 Nd4 37. Rc4 Ne6 38. Rxb7 Nxc5 39. Rb5 Nd3 40. Rxe5
Nxe5 41. Rc7 Be8 42. Nf5 Bd7 43. Ne3 Ke7 44. Nc4 Kd8 45. Nxe5 1-0

[Event "We LahS A 2021"]
[Site "?"]
[Date "2021.08.15"]
[Round "3"]
[White "Kivilahti, Rami"]
[Black "Tuominen, Joona"]
[Result "1-0"]
[WhiteElo "1973"]
[BlackElo "2032"]
[PlyCount "89"]
[EventDate "2021.??.??"]
[SourceDate "2021.11.06"]
[SourceVersionDate "2021.11.06"]

1. d4 Nc6 2. Nf3 d5 3. Bf4 Bg4 4. e3 e6 5. c4 Bb4+ 6. Nc3 Nf6 7. Rc1 O-O 8. Be2
Na5 9. cxd5 Nxd5 10. Bg3 a6 11. O-O Bxc3 12. bxc3 Bxf3 13. gxf3 Nc6 14. c4 Nf6
15. Bh4 Kh8 16. f4 Rg8 17. Kh1 Ne7 18. Bf3 c6 19. a4 Nf5 20. Bg3 g6 21. Rb1 Qd7
22. Qb3 h5 23. h3 h4 24. Bh2 Rab8 25. Qc3 Kh7 26. d5 Nh5 27. dxc6 bxc6 28. Rxb8
Rxb8 29. Rd1 Qe8 30. Bxh5 gxh5 31. e4 Ne7 32. Rg1 Qf8 33. Qe5 Ng6 34. Qxh5+ Qh6
35. Qxh6+ Kxh6 36. f5 Rb4 37. fxg6 fxg6 38. Rc1 Rxa4 39. Rc3 Ra1+ 40. Kg2 a5
41. Bd6 Kg5 42. f4+ Kh5 43. Ra3 Re1 44. Rxa5+ Kh6 45. Re5 1-0

[Event "We LahS A 2021"]
[Site "?"]
[Date "2021.08.15"]
[Round "3"]
[White "Lallukka, Taneli"]
[Black "Korjus, Onni"]
[Result "1/2-1/2"]
[WhiteElo "1985"]
[BlackElo "1911"]
[PlyCount "33"]
[EventDate "2021.??.??"]
[SourceDate "2021.11.06"]
[SourceVersionDate "2021.11.06"]

1. e4 e5 2. Nf3 Nc6 3. Bc4 Bc5 4. O-O Nf6 5. d3 O-O 6. c3 d5 7. exd5 Nxd5 8.
Nbd2 Nb6 9. Ne4 Nxc4 10. Nxc5 Nd6 11. Bg5 f6 12. Bh4 b6 13. Qb3+ Rf7 14. Ne4
Bg4 15. Rad1 Qd7 16. Nxd6 Qxd6 17. Qc4 1/2-1/2

[Event "We LahS A 2021"]
[Site "?"]
[Date "2021.08.15"]
[Round "3"]
[White "Kauko, Pekka"]
[Black "Rinne, Heini"]
[Result "0-1"]
[WhiteElo "1939"]
[BlackElo "1913"]
[PlyCount "82"]
[EventDate "2021.??.??"]
[SourceDate "2021.11.06"]
[SourceVersionDate "2021.11.06"]

1. Nf3 Nf6 2. c4 c6 3. g3 d5 4. b3 Bf5 5. Bg2 g6 6. O-O Bg7 7. Bb2 O-O 8. d3
Re8 9. Nbd2 a5 10. Qc2 a4 11. e4 dxe4 12. dxe4 Nxe4 13. Bxg7 Nxd2 14. Qxd2 Qxd2
15. Nxd2 Kxg7 16. Rfc1 axb3 17. axb3 Na6 18. Nf1 Nc5 19. b4 Nd3 20. Rxa8 Rxa8
21. Rc3 Nxb4 22. h3 Ra5 23. Kh2 Ra2 24. Rb3 e5 25. g4 Be6 26. Ne3 b5 27. Rc3
bxc4 28. Kg3 h5 29. f4 hxg4 30. hxg4 f5 31. gxf5 gxf5 32. Bf1 Nd5 33. Nxd5 Bxd5
34. Bxc4 Bxc4 35. Rxc4 Ra5 36. Rc3 Kf6 37. Kf3 c5 38. fxe5+ Kxe5 39. Re3+ Kd4
40. Re7 c4 41. Kf4 c3 0-1

[Event "We LahS A 2021"]
[Site "?"]
[Date "2021.08.15"]
[Round "4"]
[White "Jarvenpaa, Jari"]
[Black "Luukkonen, Tommi"]
[Result "0-1"]
[WhiteElo "2285"]
[BlackElo "2327"]
[PlyCount "58"]
[EventDate "2021.??.??"]
[SourceDate "2021.11.06"]
[SourceVersionDate "2021.11.06"]

1. e3 e5 2. d4 Nc6 3. Nf3 e4 4. Nfd2 f5 5. c4 Nf6 6. Nc3 g6 7. Be2 h5 8. O-O
Bh6 9. f4 exf3 10. Nxf3 Ng4 11. Nd5 Ne7 12. Nf4 O-O 13. Qe1 Qe8 14. Bd3 g5 15.
Ne2 d6 16. h4 gxh4 17. Nf4 Ng6 18. Nxg6 Qxg6 19. Nxh4 Qh7 20. e4 f4 21. Nf3 Qg7
22. Qh4 Ne3 23. Bxe3 fxe3 24. Qxh5 Bg4 25. Qd5+ Kh8 26. Be2 Rg8 27. e5 Be6 28.
Nh4 Bxd5 29. cxd5 Qg3 0-1

[Event "We LahS A 2021"]
[Site "?"]
[Date "2021.08.15"]
[Round "4"]
[White "Hartio, Ilkka"]
[Black "Tuononen, Janne"]
[Result "1/2-1/2"]
[WhiteElo "2032"]
[BlackElo "2209"]
[PlyCount "150"]
[EventDate "2021.??.??"]
[SourceDate "2021.11.06"]
[SourceVersionDate "2021.11.06"]

1. Nf3 d5 2. d4 Nf6 3. c4 e6 4. g3 Be7 5. Bg2 O-O 6. cxd5 exd5 7. Nc3 Bf5 8.
Ne5 c6 9. O-O Nbd7 10. Bf4 Qb6 11. Na4 Qb5 12. Re1 Nb6 13. Nxb6 Qxb6 14. b3 Bb4
15. Bd2 Qxd4 16. Nf3 Qb6 17. Bxb4 Qxb4 18. Nd4 Bg6 19. a3 Qb6 20. e3 Rfe8 21.
h4 h6 22. b4 a5 23. Qb3 axb4 24. axb4 Ne4 25. Bxe4 Bxe4 26. Qc3 Rec8 27. Nb3
Qc7 28. Rec1 Rxa1 29. Rxa1 b6 30. Rc1 Qd7 31. Nd2 Bf5 32. Qd4 Qd8 33. Rc3 Be6
34. Rc1 Qc7 35. Nb3 Ra8 36. Qc3 Bd7 37. Nd4 Rc8 38. Nb3 Qa7 39. Ra1 Qb7 40. Qd4
Rb8 41. Kg2 Bf5 42. Kg1 Be4 43. Nd2 Re8 44. Rc1 Bg6 45. Qc3 Rc8 46. Qd4 Ra8 47.
Qb2 Ra4 48. Qc3 Ra2 49. Nf3 Be4 50. Nd2 Bf5 51. Nb3 Ra3 52. Qb2 Qa8 53. Nd4 Bd7
54. Nxc6 Bxc6 55. Rxc6 Rxe3 56. Qc2 Re8 57. Rxb6 d4 58. Qd1 Qd5 59. Ra6 d3 60.
Ra5 Qc4 61. Kh2 Re2 62. Qf1 Qe4 63. Qg2 Qxb4 64. Ra8+ Kh7 65. Qf3 Qe4 66. Qxe4+
Rxe4 67. Rd8 Re2 68. Kg2 Rd2 69. Kf3 Kg6 70. Ke3 Re2+ 71. Kf3 Rd2 72. Ke3 Rd1
73. Rxd3 Rxd3+ 74. Kxd3 Kf5 75. f3 Ke5 1/2-1/2

[Event "We LahS A 2021"]
[Site "?"]
[Date "2021.08.15"]
[Round "4"]
[White "Komulainen, Lauri"]
[Black "Kivilahti, Rami"]
[Result "0-1"]
[WhiteElo "1977"]
[BlackElo "1973"]
[PlyCount "148"]
[EventDate "2021.??.??"]
[SourceDate "2021.11.06"]
[SourceVersionDate "2021.11.06"]

1. d4 d5 2. c4 c6 3. Nc3 Nf6 4. Nf3 dxc4 5. a4 Bf5 6. e3 Bd3 7. Bxd3 cxd3 8.
Qxd3 e6 9. O-O Na6 10. e4 Be7 11. Be3 Nb4 12. Qd2 O-O 13. e5 Nd7 14. Ne4 a5 15.
Bg5 Bxg5 16. Nfxg5 h6 17. Nf3 Nb6 18. Nd6 Rb8 19. Ne1 Nc8 20. Ne4 Ne7 21. Ra3
Nf5 22. Nf3 Nd5 23. g4 Nfe7 24. g5 h5 25. Nf6+ Nxf6 26. gxf6 Ng6 27. Qg5 Qd5
28. fxg7 Kxg7 29. Qf6+ Kg8 30. Ng5 Qd8 31. Rh3 Qxf6 32. exf6 Rfd8 33. Nf3 Rd5
34. Rc1 Rbd8 35. Kf1 Kf8 36. Rc4 Ke8 37. Rg3 Rf5 38. Rc5 Rdd5 39. Rxd5 exd5 40.
Ke2 Rxf6 41. Rg5 Ke7 42. Ke3 Re6+ 43. Ne5 Nxe5 44. dxe5 f6 45. Rg7+ Kd8 46.
Rxb7 fxe5 47. Ra7 Rf6 48. Rxa5 Kc7 49. Ra7+ Kb6 50. Re7 Rf5 51. f3 c5 52. b3 h4
53. Rh7 Rf4 54. Rh5 Rb4 55. Rxe5 Rxb3+ 56. Kf2 Rb2+ 57. Re2 Rb4 58. Ra2 Ka5 59.
Ke3 Rb8 60. Kf4 c4 61. Ke5 Rd8 62. Kd4 Kb4 63. a5 Kb3 64. Ra1 Kb2 65. Ra4 Kb3
66. Ra1 c3 67. Kd3 c2 68. Rc1 Rc8 69. a6 Kb2 70. Kd2 d4 71. a7 d3 72. Re1 Ra8
73. f4 Rxa7 74. Kxd3 Rd7+ 0-1

[Event "We LahS A 2021"]
[Site "?"]
[Date "2021.08.15"]
[Round "4"]
[White "Rasanen, Otto"]
[Black "Lallukka, Taneli"]
[Result "1-0"]
[WhiteElo "1948"]
[BlackElo "1985"]
[PlyCount "119"]
[EventDate "2021.??.??"]
[SourceDate "2021.11.06"]
[SourceVersionDate "2021.11.06"]

1. d4 d5 2. c4 c6 3. Nf3 Nf6 4. e3 Bf5 5. Nc3 e6 6. Nh4 Be4 7. f3 Bg6 8. Qb3
Qb6 9. Nxg6 hxg6 10. g3 Nbd7 11. Kf2 Be7 12. Kg2 Rd8 13. cxd5 exd5 14. Qxb6
axb6 15. Be2 b5 16. a4 Ra8 17. Bd2 bxa4 18. Nxa4 O-O 19. b4 b5 20. Nc5 Nxc5 21.
dxc5 Nd7 22. Bc3 Bf6 23. Bd4 Ne5 24. Kf2 Rfb8 25. g4 Nc4 26. Bd3 Bxd4 27. exd4
Kf8 28. Rhe1 Nb2 29. Bc2 Nc4 30. g5 Na3 31. Bb3 Nc4 32. h4 Nb2 33. Bc2 Nc4 34.
f4 Nb2 35. Kf3 Re8 36. Rxe8+ Rxe8 37. Kf2 Nc4 38. Ra6 Rc8 39. Ra7 Nd2 40. f5
Ne4+ 41. Bxe4 dxe4 42. fxg6 fxg6 43. Ke3 Re8 44. Rc7 Re6 45. Rd7 Kg8 46. Rd6
Rxd6 47. cxd6 Kf7 48. Kxe4 Ke6 49. d7 Kxd7 50. Ke5 Ke7 51. d5 cxd5 52. Kxd5 Kd7
53. Kc5 Ke6 54. Kxb5 Kf5 55. Kc4 Kg4 56. b5 Kxh4 57. b6 Kxg5 58. b7 Kh5 59.
b8=Q g5 60. Qg3 1-0

[Event "We LahS A 2021"]
[Site "?"]
[Date "2021.08.15"]
[Round "4"]
[White "Tuominen, Joona"]
[Black "Paakkonen, Timo"]
[Result "1/2-1/2"]
[WhiteElo "2032"]
[BlackElo "2243"]
[PlyCount "35"]
[EventDate "2021.??.??"]
[SourceDate "2021.11.06"]
[SourceVersionDate "2021.11.06"]

1. Nf3 d5 2. c4 d4 3. b4 a5 4. b5 f6 5. e3 e5 6. exd4 exd4 7. d3 Bb4+ 8. Nbd2
Ne7 9. Be2 O-O 10. O-O Ng6 11. a3 Bc3 12. Ra2 a4 13. Ne4 c6 14. Nxc3 dxc3 15.
bxc6 Nxc6 16. d4 Bf5 17. Be3 Qa5 18. Bd3 1/2-1/2